| 000 | 00000nam 2200000zi 4500 |
| 001 | 9.931914 |
| 003 | CaOODSP |
| 005 | 20241121151628 |
| 006 | m o d f |
| 007 | cr |n||||||||| |
| 008 | 231229s1991 qucdb ob f|0| 0 fre d |
| 040 | |aCaOODSP|bfre|erda|cCaOODSP |
| 043 | |an-cn--- |
| 086 | 1 |aCW66-1459/1991F-PDF |
| 100 | 1 |aGiroux, Jean-François,|d1954- |eauteur. |
| 245 | 10|aÉcologie et propagation du scirpe américain / |crapport présenté au Service canadien de la Faune, Environnement Canada par Jean-François Giroux. |
| 264 | 1|a[Sainte-Foy, Québec] : |bEnvironnement Canada, Service canadien de la faune = Environment Canada, Canadian Wildlife Service, |c1991. |
| 300 | |a1 ressource en ligne (vii, 63 pages) : |bcarte, graphique |
| 336 | |atexte|btxt|2rdacontent/fre |
| 337 | |ainformatique|bc|2rdamedia/fre |
| 338 | |aressource en ligne|bcr|2rdacarrier/fre |
| 500 | |aÉdition numérisée de l’imprimé [par Environnement et changement climatique Canada]. |
| 504 | |aComprend des références bibliographiques. |
| 650 | 6|aScirpe d'Amérique|xÉcologie. |
| 650 | 6|aScirpe d'Amérique|xMultiplication. |
| 650 | 0|aSchoenoplectus pungens|xEcology. |
| 650 | 0|aSchoenoplectus pungens|xPropagation. |
| 710 | 1 |aCanada. |bEnvironnement Canada, |eorganisme de publication. |
| 710 | 2 |aService canadien de la faune, |eorganisme de publication. |
| 856 | 40|qPDF|s5.35 Mo|uhttps://publications.gc.ca/collections/collection_2024/eccc/cw66/CW66-1459-1991-fra.pdf |